[Event "KS Sommerskak op"]
[Site "Copenhagen"]
[Date "1997.??.??"]
[Round "?"]
[White "Jorgensen, Michael"]
[Black "Nilsson, Nils Specht"]
[Result "1-0"]
[WhiteElo "2275"]
[BlackElo "2225"]

1.d4 d5 2.c4 c6 3.Nf3 Nf6 4.Nc3 a6 5.a4 g6 6.Bg5 Bg7 7.e3 O-O 8.Bd3 Be6 9.c5 a5
10.O-O Na6 11.Qe2 Nb4 12.Bb1 Bg4 13.h3 Bxf3 14.Qxf3 b6 15.cxb6 Qxb6 16.Ra3 Rfe8
17.Rd1 Nd7 18.e4 dxe4 19.Qxe4 Nf6 20.Qf3 Nbd5 21.Nxd5 cxd5 22.Rb3 Qc6 23.Rb5 Ne4
24.Bxe4 dxe4 25.Qb3 e6 26.d5 exd5 27.Rdxd5 h6 28.Rb6 Qc8 29.Be3 Kh7 30.Rc5 Qd8
31.Rd5 Qc8 32.Rdb5 Re7 33.Rb7 Qe8 34.Rxe7 Qxe7 35.Rb7 Qe5 36.Qxf7 Rd8 37.g3 g5
38.Kg2 Kh8 39.Rb5 Qf6 40.Qxf6 Bxf6 41.Bb6 Rd2 42.Bxa5 Rc2 43.Bb6 Bxb2 44.Rxb2  1-0

[Event "Corsica rap op"]
[Site "Corsica"]
[Date "1997.??.??"]
[Round "7"]
[White "Daloz, Jean Michel"]
[Black "Prie, Eric"]
[Result "0-1"]
[WhiteElo "2180"]
[BlackElo "2465"]

1.d4 d5 2.c4 c6 3.Nc3 Nf6 4.Nf3 a6 5.cxd5 cxd5 6.Bf4 Nc6 7.e3 Bg4 8.Bd3 e6
9.h3 Bxf3 10.Qxf3 Be7 11.O-O O-O 12.Rac1 Qa5 13.Bb1 Rfc8 14.Qe2 b5 15.Qd3 Nb4
16.Qd2 Nxa2 17.Bxa2 b4 18.Nxd5 Nxd5 19.Bxd5 Qxd5 20.Rxc8+ Rxc8 21.Rc1 Ra8
22.Rc7 Bf8 23.Qc2 a5 24.Qa4 h6 25.Rd7 Qe4 26.Rc7 e5 27.Bxe5 Qb1+ 28.Kh2 Qxb2
29.Qd7 Qxf2 30.Bf4 Qa2 31.d5 Qb2 32.Qxf7+ Kh8 33.d6 Qf6 34.Qd5 Rd8 35.Rf7 Bxd6
36.Qxa5 Bxf4+ 37.exf4 Qd4 38.Qe5 Qxe5 39.fxe5 Rb8 40.Rf2 b3 41.Rb2 Kg8 42.Kg3 Kf7
43.Kf4 Ke6 44.Ke4 Rb4+ 45.Kd3 Kxe5 46.Kc3 Rb7 47.Re2+ Kf4 48.Kb2 Kg3 49.Rd2 g5
50.Re2 Rb5 51.Rd2 h5 52.Re2 g4 53.Rd2 gxh3 54.gxh3 Kxh3 55.Rd3+ Kg4 56.Rd4+ Kg5
57.Rd8 h4 58.Rg8+ Kf4 59.Rf8+ Kg4 60.Rg8+ Rg5 61.Rb8 h3 62.Rb4+ Kg3 63.Rxb3+ Kg2  0-1

[Event "Moravia-chT 9798"]
[Site "CZE"]
[Date "1997.??.??"]
[Round "3.4"]
[White "Jurka, Miroslav"]
[Black "Fuksik, Jakub"]
[Result "1/2-1/2"]
[WhiteElo "2345"]
[BlackElo "2270"]

1.Nf3 Nf6 2.c4 c6 3.d4 d5 4.Nc3 a6 5.Ne5 e6 6.Bf4 b5 7.cxd5 cxd5 8.e3 Nbd7
9.a4 b4 10.Nb1 Nxe5 11.Bxe5 a5 12.Bb5+ Bd7 13.Bxf6 gxf6 14.Qd3 Bd6 15.Nd2 O-O
16.Nb3 Qe8 17.O-O Bxb5 18.axb5 a4 19.Nc5 Rb8 20.Nxa4 Rxb5 21.Rfc1 Ra5 22.b3 Qb8
23.g3 Rc8 24.Qd1 Ra7 25.Rxc8+ Qxc8 26.Rc1 Rc7 27.Rxc7 Qxc7 28.Kg2 f5 29.h3 Kg7
30.Qd2 h6 31.Qd1 Qc6 32.Qd2 Qc7 33.Qd1 Qc6 34.Qd2 Qc7 35.Qd1  1/2-1/2

[Event "CZE-chT 9697"]
[Site "CZE"]
[Date "1997.??.??"]
[Round "4"]
[White "Babula, Vlastimil"]
[Black "Keitlinghaus, Ludger"]
[Result "1/2-1/2"]
[WhiteElo "2535"]
[BlackElo "2515"]

1.d4 d5 2.c4 c6 3.Nf3 Nf6 4.Nc3 a6 5.c5 Bf5 6.Qb3 Qc8 7.Bf4 Nbd7 8.h3 e6
9.e3 Be7 10.Be2 O-O 11.O-O Bd8 12.Bd6 Re8 13.Ne5 Ne4 14.Nxe4 Bxe4 15.f3 Bf5
16.e4 Nxe5 17.dxe5 dxe4 18.fxe4 Bxe4 19.Rf4 Bg6 20.Raf1 f5 21.exf6 Bxf6 22.Rxf6 gxf6
23.Rxf6 Qd7 24.Bc4 b5 25.Bxe6+ Rxe6 26.Rxe6 Qf7 27.Be5 Rc8 28.Bd4 Bd3 29.Be5 a5
30.Re7 Qxb3 31.axb3 Kf8 32.Ra7 Re8 33.Bd6+  1/2-1/2

[Event "CZE-chT 9697"]
[Site "CZE"]
[Date "1997.??.??"]
[Round "10"]
[White "Babula, Vlastimil"]
[Black "Meduna, Eduard"]
[Result "1-0"]
[WhiteElo "2535"]
[BlackElo "2460"]

1.d4 d5 2.c4 c6 3.Nf3 Nf6 4.Nc3 a6 5.c5 Bf5 6.Bf4 e6 7.e3 Nbd7 8.h3 Be7 9.Be2 O-O
10.O-O Ne4 11.Nxe4 dxe4 12.Ne5 Nxe5 13.Bxe5 Bf6 14.Bh2 Re8 15.Qb3 e5 16.dxe5 Bxe5
17.Bxe5 Rxe5 18.Qxb7 Rxc5 19.Rfd1 Qe8 20.Rac1 Rxc1 21.Rxc1 Bd7 22.Bxa6 Be6
23.Qxc6 Qd8 24.Bc4 Rc8 25.Qxe6  1-0

[Event "Decin op"]
[Site "Decin"]
[Date "1997.??.??"]
[Round "5"]
[White "Fakhretdinov, Robert"]
[Black "Tolstikh, Nikolay"]
[Result "1/2-1/2"]
[WhiteElo "2310"]
[BlackElo "2405"]

1.d4 d5 2.c4 c6 3.Nf3 Nf6 4.Nc3 a6 5.a4 e6 6.Bg5 Nbd7 7.e3 Bb4 8.Qc2 h6 9.Bh4 g5
10.Bg3 Ne4 11.Nd2 Ndf6 12.Ndxe4 Nxe4 13.Bd3 Nxg3 14.hxg3 Qf6 15.Be2 a5 16.f4 Rg8
17.Qh7 Qg6 18.Rxh6 Qxh7 19.Rxh7 gxf4 20.gxf4 Rxg2 21.Kf1 Rg8 22.Kf2 Bd7 23.Bh5 Rf8
24.c5 b6 25.cxb6 Rb8 26.Rg1 Ke7 27.Rgg7  1/2-1/2

[Event "Caledonian Masters"]
[Site "Edinburgh"]
[Date "1997.??.??"]
[Round "8"]
[White "Gormally, Daniel"]
[Black "Kelly, Bryan"]
[Result "1/2-1/2"]
[WhiteElo "2425"]
[BlackElo "2390"]

1.d4 d5 2.c4 c6 3.Nf3 Nf6 4.Nc3 a6 5.Bg5 dxc4 6.a4 h6 7.Bh4 Be6 8.a5 Nbd7
9.e3 b5 10.axb6 Qxb6 11.Qc2 g5 12.Bg3 Bg7 13.Nd2 c5 14.Nxc4 Bxc4 15.Bxc4 cxd4
16.exd4 Qxd4 17.Bxa6 Qb6 18.Qe2 O-O 19.O-O Nc5 20.Bb5 Rxa1 21.Rxa1 Nce4 22.Nxe4 Nxe4
23.Qxe4 Qxb5 24.Rd1  1/2-1/2

[Event "RUS-Cup5"]
[Site "Ekaterinburg"]
[Date "1997.??.??"]
[Round "2"]
[White "Volzhin, Alexander"]
[Black "Kazarova, Irina"]
[Result "1-0"]
[WhiteElo "2505"]
[BlackElo "2220"]

1.d4 d5 2.c4 c6 3.Nf3 Nf6 4.Nc3 a6 5.Ne5 Nbd7 6.Bf4 e6 7.e3 Be7 8.Bd3 O-O
9.O-O dxc4 10.Bxc4 Nb6 11.Bd3 Nbd5 12.Bg3 c5 13.Nxd5 Nxd5 14.dxc5 Bxc5 15.Qc2 Bd6
16.Bxh7+ Kh8 17.Be4 Nf6 18.Rad1 Nxe4 19.Qxe4 Kg8 20.Nf3  1-0

[Event "Momotov mem"]
[Site "Enakievo"]
[Date "1997.??.??"]
[Round "?"]
[White "Kruppa, Yuri"]
[Black "Dumitrache, Dragos"]
[Result "1-0"]
[WhiteElo "2520"]
[BlackElo "2495"]

1.d4 d5 2.c4 c6 3.Nf3 Nf6 4.Nc3 a6 5.g3 dxc4 6.a4 g6 7.Bg2 Bg7 8.O-O O-O
9.a5 Nd5 10.Qa4 Be6 11.Ng5 Nc7 12.Nxe6 Nxe6 13.Rd1 Nc7 14.Qxc4 Nb5 15.e4 Nd7
16.e5 Kh8 17.Be3 Qc7 18.h4 Rad8 19.Ne4 h6 20.Qc1 Kh7 21.Qc2 Kh8 22.h5 gxh5
23.Qe2 f5 24.Qxh5 fxe4 25.Bxh6 e6 26.Bxe4 Rf5 27.Bxf5 exf5 28.e6  1-0

[Event "FRA-chT9697 groupe B"]
[Site "France"]
[Date "1997.??.??"]
[Round "6"]
[White "Roumegous, Etienne"]
[Black "Midoux, Sebastien"]
[Result "0-1"]
[WhiteElo "2130"]
[BlackElo "2235"]

1.d4 d5 2.c4 c6 3.Nf3 Nf6 4.Nc3 a6 5.cxd5 cxd5 6.Bf4 e6 7.e3 Be7 8.h3 O-O
9.Bd3 b5 10.O-O Bb7 11.Rc1 Nc6 12.Ne5 Rc8 13.Bb1 Na5 14.Qd3 Nc4 15.Ng4 g6
16.Nxf6+ Bxf6 17.Bh6 Re8 18.Qe2 e5 19.dxe5 Bxe5 20.Qg4 Nxb2 21.Ne2 a5 22.Nd4 b4
23.f4 Rxc1 24.Rxc1 Bxd4 25.exd4 Nc4 26.f5 Bc8 27.Rf1 Nd6 28.Bg5 Qb6 29.fxg6 Bxg4
30.gxh7+ Kg7 31.Bf6+ Kh6 32.hxg4 Qb8 33.h8=Q+ Rxh8 34.Rf3 Ne4 35.Rh3+ Kg6
36.Bxh8 Qc8 37.Bd3 Qc1+ 38.Kh2 Qf4+ 39.Kg1 Qf2+ 40.Kh2 Qxa2 41.Be5 f6  0-1

[Event "FRA-chT9697 groupe A"]
[Site "France"]
[Date "1997.??.??"]
[Round "7"]
[White "Ristic, Alexandre"]
[Black "Prie, Eric"]
[Result "1/2-1/2"]
[WhiteElo "2160"]
[BlackElo "2470"]

1.d4 d5 2.Nf3 Nf6 3.c4 c6 4.Nc3 a6 5.e3 b5 6.b3 Bg4 7.h3 Bxf3 8.Qxf3 e5 9.c5 Nbd7
10.Be2 g6 11.Qg3 Bg7 12.Bb2  1/2-1/2

[Event "Frydek-Mistek op-A"]
[Site "Frydek-Mistek"]
[Date "1997.??.??"]
[Round "2"]
[White "Jirovsky, Pavel"]
[Black "Koutsin, Sergey"]
[Result "1/2-1/2"]
[WhiteElo "2360"]
[BlackElo "2400"]

1.d4 d5 2.Nf3 Nf6 3.c4 c6 4.Nc3 a6 5.c5 Bf5 6.Qb3 Qc8 7.h3 Nbd7 8.Bf4 h6
9.e3 e6 10.g4 Bh7  1/2-1/2

[Event "Frydek-Mistek op-A"]
[Site "Frydek-Mistek"]
[Date "1997.??.??"]
[Round "4"]
[White "Hrivnak, Martin"]
[Black "Koutsin, Sergey"]
[Result "1/2-1/2"]
[WhiteElo "2155"]
[BlackElo "2400"]

1.d4 d5 2.c4 c6 3.Nf3 Nf6 4.Nc3 a6 5.cxd5 cxd5 6.Bf4 Nc6 7.Qb3 Na5 8.Qc2 Nc6
9.e3 Bd7 10.a3 Rc8 11.Bd3 e6 12.O-O Be7 13.Ne5 O-O  1/2-1/2

[Event "Frydek-Mistek op-A"]
[Site "Frydek-Mistek"]
[Date "1997.??.??"]
[Round "5"]
[White "Ostrowski, Leszek"]
[Black "Klima, Lukas"]
[Result "1-0"]
[WhiteElo "2355"]
[BlackElo "2235"]

1.d4 Nf6 2.Nf3 d5 3.c4 c6 4.Nc3 a6 5.a4 Bf5 6.Qb3 Ra7 7.c5 Nbd7 8.Bf4 Nh5
9.Be3 e5 10.Nxe5 Nxe5 11.dxe5 d4 12.Rd1 Bxc5 13.Qc4 b6 14.Bxd4 Be6 15.Qd3 Rd7
16.e3 O-O 17.Bxc5 Rxd3 18.Rxd3 Qg5 19.Bxf8 Kxf8 20.g3 Qxe5 21.Bg2 b5 22.axb5 cxb5
23.O-O b4 24.Nd5 Qxb2 25.Rd4 a5 26.Rfd1 Nf6 27.e4 Nxd5 28.exd5 Bd7 29.d6 a4
30.Bd5 b3 31.Rf4 f6 32.Rb4 Qe2 33.Rb8+ Be8 34.Rf1 Qe5 35.Bc6 Qxd6 36.Rxe8+ Kf7
37.Bxa4 Qb4 38.Ra8 Qb7 39.Rd8 Qb4 40.Rd7+ Kg6 41.Ra7 Qb6 42.Be8+ Kh6 43.Ra3 b2
44.Rb1 Qc5 45.Re3 Qc1+ 46.Re1 Qc2 47.Bf7 Kg5 48.Rbd1 f5 49.Ba2 Kg4 50.Rd4+ Kg5
51.Bb1 Qc3 52.Rdd1 g6 53.Re2 Qc1 54.Rf1 h5 55.Rc2  1-0

[Event "Frydek-Mistek op-B"]
[Site "Frydek-Mistek"]
[Date "1997.??.??"]
[Round "9"]
[White "Mouiwid, Jury"]
[Black "Novosak, Jiri"]
[Result "1/2-1/2"]
[WhiteElo "2300"]
[BlackElo "2135"]

1.d4 d5 2.c4 c6 3.Nc3 Nf6 4.Nf3 a6 5.cxd5 cxd5 6.Bf4 Nc6 7.e3 Bg4 8.Bd3 e6
9.O-O Be7 10.a3 O-O 11.h3  1/2-1/2

[Event "Arnold mem"]
[Site "Gausdal"]
[Date "1997.??.??"]
[Round "5"]
[White "Bjerke, Richard"]
[Black "Groenn, Atle"]
[Result "1/2-1/2"]
[WhiteElo "2270"]
[BlackElo "2310"]

1.d4 d5 2.c4 c6 3.Nf3 Nf6 4.Nc3 a6 5.cxd5 cxd5 6.Bf4 Nc6 7.e3 Qb6 8.a3 Bg4
9.Be2 Bxf3 10.Bxf3 e6 11.O-O Rc8 12.Na4  1/2-1/2

[Event "BL2-S9697"]
[Site "Germany"]
[Date "1997.??.??"]
[Round "?.1"]
[White "Vokac, Marek"]
[Black "Sokolovs, Andrei"]
[Result "1-0"]
[WhiteElo "2485"]
[BlackElo "2480"]

1.d4 d5 2.c4 c6 3.Nf3 Nf6 4.Nc3 a6 5.c5 Bf5 6.Bf4 Nbd7 7.e3 e6 8.Bd3 Bg6
9.O-O Be7 10.h3 O-O 11.Qc2 Re8 12.Rfe1 Bxd3 13.Qxd3 Bxc5 14.dxc5 e5 15.Nxe5 Nxe5
16.Qd4 Ned7 17.f3 Nf8 18.Bg5 Ne6 19.Bxf6 gxf6 20.Qb4 Qe7 21.Rac1 a5 22.Qa3 Kh8
23.Ne2 Rg8 24.Kf2 Rg6 25.Qc3 Qc7 26.Rh1 Qe5 27.g4 Rgg8 28.f4 Qxc3 29.Rxc3 a4
30.Rhc1 Ra5 31.R1c2 Rb5 32.Kf3 Re8 33.h4 Rb4 34.a3 Rb5 35.f5 Nf8 36.Ng3 Nd7
37.g5 Kg8 38.Kf4 Kf8 39.e4 Ne5 40.exd5 cxd5 41.Rd2 d4 42.Rxd4 Rxb2 43.Ne4 Rb3
44.Re3 fxg5+ 45.hxg5 Nc6 46.Rxa4 Rxe3 47.Kxe3 Kg7 48.Kf4 h6 49.gxh6+ Kxh6
50.Nd6 Re7 51.Re4 Rd7 52.Re3 b6 53.Rh3+ Kg7 54.Rd3 Ra7 55.cxb6 Ra4+ 56.Ne4 Na5
57.f6+ Kh7 58.Kf5 Nc6 59.Rh3+ Kg8 60.Rc3 Ra5+ 61.Kf4 Nd4 62.Rc8+  1-0

[Event "BL9697 (Women)"]
[Site "Germany"]
[Date "1997.??.??"]
[Round "?"]
[White "Vidonyak, Nellya"]
[Black "Fischdick, Gisela"]
[Result "1/2-1/2"]
[WhiteElo "2220"]
[BlackElo "2300"]

1.Nf3 d5 2.d4 Nf6 3.c4 c6 4.Nc3 a6 5.e3 b5 6.cxd5 cxd5 7.Bd3 e6 8.O-O Bb7
9.Ne5 Bd6 10.f4 Nbd7 11.Bd2 O-O 12.Be1 Ne4 13.a4 b4 14.Ne2 a5 15.Ng3 f5 16.Nxe4 fxe4
17.Nxd7 Qxd7 18.Bb5 Bc6 19.Be2 Rac8 20.Bg4 Qe8 21.Rc1 Bd7 22.Rxc8 Qxc8 23.Rf2 Qc6
24.Qc2 Rc8 25.Bd1 g6 26.Qxc6 Rxc6 27.Rc2 Rxc2 28.Bxc2 Kf7 29.Bh4 Be7 30.Bxe7 Kxe7
31.Kf2  1/2-1/2

[Event "NRW-Liga I 9697"]
[Site "Germany"]
[Date "1997.??.??"]
[Round "5.1"]
[White "Richter, Wolfgang"]
[Black "Wehmeier, Stefan"]
[Result "1/2-1/2"]
[WhiteElo "2460"]
[BlackElo "2410"]

1.d4 Nf6 2.Nf3 c6 3.c4 d5 4.Nc3 a6 5.e3 b5 6.b3 Bg4 7.h3 Bxf3 8.Qxf3 e6 9.Bd3 Nbd7
10.O-O Rc8 11.Bd2 Be7 12.Qe2 O-O 13.f4 dxc4 14.bxc4 b4 15.Na4 c5 16.e4 cxd4
17.e5 Ne8 18.f5 exf5 19.Bxf5 Rc7 20.e6  1/2-1/2

[Event "NRW-Liga II 9697"]
[Site "Germany"]
[Date "1997.??.??"]
[Round "9.1"]
[White "Scheffner, Axel"]
[Black "Lytchak, Alexander"]
[Result "1-0"]
[WhiteElo "2305"]
[BlackElo "2305"]

1.d4 d5 2.Nf3 c6 3.c4 Nf6 4.Nc3 a6 5.Ne5 dxc4 6.a4 e6 7.e3 c5 8.Bxc4 cxd4
9.exd4 Nbd7 10.O-O Qc7 11.Qe2 Be7 12.Bf4 Nxe5 13.dxe5 Nd7 14.Rac1 Qa5 15.Qg4 g5
16.Bxe6 fxe6 17.b4 Qd8 18.Qh5+ Kf8 19.Bxg5 Bxg5 20.f4 Bf6 21.exf6 Nxf6 22.Qe5 Kf7
23.Kh1 Qe7 24.Ne4 Rd8 25.Rc7 Bd7 26.Rd1 Nxe4 27.Qxe4 Ke8 28.Qe5 Rac8 29.Rdxd7 Qxd7
30.Qh8+ Kf7 31.Rxd7+ Rxd7 32.Qxh7+ Kf8 33.Qh6+ Ke7 34.h4 Rd2 35.Qg7+  1-0

[Event "Dov Porath mem"]
[Site "Givatayim"]
[Date "1997.??.??"]
[Round "1"]
[White "Tsesarsky, Ilya"]
[Black "Sitnick, Maxim"]
[Result "1-0"]
[WhiteElo "2390"]
[BlackElo "2135"]

1.Nf3 d5 2.d4 Nf6 3.c4 c6 4.Nc3 a6 5.a4 Nbd7 6.e3 e6 7.Qc2 Bb4 8.Bd2 O-O
9.Bd3 Re8 10.cxd5 exd5 11.O-O c5 12.Rfd1 Qe7 13.dxc5 Nxc5 14.Bxh7+ Kh8 15.Bf5 g6
16.Bxc8 Raxc8 17.Nxd5 Nxd5 18.Bxb4 Qe4 19.Qxe4 Rxe4 20.Bxc5 Rxc5 21.Nd4 Nb4
22.Rac1 Ree5 23.h4 Kg7 24.g3 Nd3 25.Rxc5 Nxc5 26.b3 Kf6 27.Kg2 Rd5 28.Rc1 Ke5
29.Rc4 f5 30.Kf3 Ne4 31.Rc7 Nd6 32.Re7+ Kf6 33.Rd7 Ke5 34.Ke2 Kf6 35.Ke1 Ke5
36.f4+ Kf6 37.a5  1-0

[Event "Graz op"]
[Site "Graz"]
[Date "1997.??.??"]
[Round "8"]
[White "Zifroni, Dov"]
[Black "Burmakin, Vladimir"]
[Result "0-1"]
[WhiteElo "2500"]
[BlackElo "2550"]

1.d4 d5 2.c4 c6 3.Nf3 Nf6 4.Nc3 a6 5.Ne5 dxc4 6.Nxc4 b5 7.Ne5 Bb7 8.Bg5 Nbd7
9.Nxd7 Qxd7 10.e3 e6 11.Bxf6 gxf6 12.Be2 c5 13.Bf3 cxd4 14.exd4 b4 15.Ne4 Be7
16.O-O O-O 17.Qd2 Kh8 18.Rfd1 Rg8 19.Qf4 Bd5 20.Nc5 Qd8 21.a3 a5 22.Be4 Rg5
23.h4 Rg8 24.axb4 axb4 25.g3 Rxa1 26.Rxa1 Bxe4 27.Qxe4 f5 28.Qb7 Bxh4 29.Nxe6 Qf6
30.Nf4 Qxd4 31.Ra8 Bd8 32.Qa7 Rxg3+ 33.Kh1 Qd1+  0-1

[Event "SWE-ch"]
[Site "Haninge"]
[Date "1997.??.??"]
[Round "7"]
[White "Sandstrom, Ludvig"]
[Black "Barkhagen, Jonas"]
[Result "0-1"]
[WhiteElo "2345"]
[BlackElo "2410"]

1.Nf3 Nf6 2.c4 c6 3.d4 d5 4.Nc3 a6 5.g3 dxc4 6.a4 e6 7.Bg2 c5 8.dxc5 Qxd1+
9.Nxd1 Nc6 10.Ne3 c3 11.bxc3 Bxc5 12.O-O Bd7 13.Nc4 Ke7 14.Ne1 b5 15.Nd3 Bxf2+
16.Rxf2 bxc4 17.Ba3+ Kd8 18.Ne5 Nxe5 19.Bxa8 Kc7 20.Bg2 Bc6 21.Bc1 Bxg2 22.Kxg2 Kc6
23.Rf1 Ne4 24.Bf4 Nd7 25.Rad1 e5 26.Be3 f6 27.Rb1 a5 28.g4 Ndc5 29.Bxc5 Nxc5
30.g5 Rf8 31.Rb5 Nxa4 32.Rxa5 Nxc3 33.gxf6 gxf6 34.Ra6+ Kd5 35.Raxf6 Rxf6
36.Rxf6 Ne4 37.Rf7 c3 38.Rxh7 c2 39.Rc7 Nc5 40.e4+  0-1

[Event "Highgate Masters"]
[Site "Highgate"]
[Date "1997.??.??"]
[Round "3"]
[White "Siebrecht, Sebastian"]
[Black "Dunnington, Angus J"]
[Result "0-1"]
[WhiteElo "2370"]
[BlackElo "2420"]

1.d4 d5 2.Nf3 Nf6 3.c4 c6 4.Nc3 a6 5.cxd5 cxd5 6.Bf4 Nc6 7.e3 Bg4 8.Be2 Bxf3
9.Bxf3 e6 10.Qb3 Na5 11.Qa4+ b5 12.Qc2 Be7 13.O-O O-O 14.Rac1 Rc8 15.Qd3 Nc4
16.b3 Na5 17.a4 Nxb3 18.Rb1 bxa4 19.Nxa4 Na5 20.Qxa6 Nc4 21.Rb7 Ra8 22.Qb5 Bd6
23.Nb6 Bxf4 24.Nxc4 dxc4 25.exf4 Qxd4 26.g3 Rac8 27.Qb4 Qc5 28.Rc1 Nd5 29.Qe1 c3
30.f5 Nb4 31.fxe6 Nd3 32.exf7+ Rxf7 33.Qf1 Rxf3 34.Qh3 Nxc1 35.Kh1 Rf7 36.Qe6 Rf8
37.f4 Ne2 38.Kg2 Nxf4+ 39.gxf4 c2 40.Rxf7 Rxf7 41.Qe8+ Rf8  0-1

[Event "HUN-chT2 9798"]
[Site "HUN"]
[Date "1997.??.??"]
[Round "?"]
[White "Pasztor, Ferenc"]
[Black "Biro, Gyorgy"]
[Result "1-0"]
[WhiteElo "2240"]
[BlackElo "2210"]

1.d4 Nf6 2.Nf3 d5 3.c4 c6 4.Nc3 a6 5.a4 Bf5 6.e3 e6 7.Qb3 Ra7 8.Be2 h6 9.O-O Bd6
10.a5 Nbd7 11.Qa4 O-O 12.b3 Re8 13.Bb2 Ne4 14.b4 Bc7 15.Qb3 g5 16.Nxe4 Bxe4
17.Ne5 Nxe5 18.dxe5 Bg6 19.Rad1 Ra8 20.c5 Qe7 21.f4 gxf4 22.Rxf4 Kh7 23.Rdf1 Rg8
24.Bd3 Raf8 25.Rf6 Rg7 26.Qd1 Kg8 27.Bxg6 Rxg6 28.Qh5 Kh7 29.Bc1  1-0

[Event "HUN-chT 9798"]
[Site "Hungary"]
[Date "1997.??.??"]
[Round "?"]
[White "Dumitrache, Dragos"]
[Black "Dovzik, Juri"]
[Result "1/2-1/2"]
[WhiteElo "2495"]
[BlackElo "2410"]

1.d4 d5 2.c4 c6 3.Nf3 Nf6 4.Nc3 a6 5.c5 Bf5 6.Bf4 h6 7.e3 Nbd7 8.Be2 e6 9.h3 Be7
10.O-O O-O 11.b4 Ne4 12.Nxe4 Bxe4 13.Ne5 Nxe5 14.Bxe5 b6 15.Qd2 a5 16.a3 axb4
17.axb4 b5 18.Ra2 Qd7 19.Rfa1 Qb7 20.Qb2 Rfc8 21.Ra3 Bd8 22.Qa2 Rxa3 23.Qxa3 Bc7
24.Bxc7 Qxc7 25.Qa7 Kf8 26.Qxc7 Rxc7 27.Ra8+ Ke7 28.h4 f6 29.Bh5 g6 30.Bg4 h5
31.Be2 e5 32.f3 Bc2 33.g4 exd4 34.exd4 hxg4 35.fxg4 Kf7 36.Kf2 g5 37.h5 Kg7
38.Rd8 Be4 39.Rd6 Kf7 40.Ke3 Kg7 41.Bd3 Bxd3 42.Kxd3 Kf7 43.Rd8 Kg7 44.Ke3 Re7+
45.Kf3 Rc7 46.Kg3 Kh7  1/2-1/2

[Event "World Cities"]
[Site "Jakarta "]
[Date "1997.??.??"]
[Round "5"]
[White "Ardiansyah, Haji"]
[Black "Nguyen Anh Dung"]
[Result "1-0"]
[WhiteElo "2415"]
[BlackElo "2465"]

1.Nf3 d5 2.d4 Nf6 3.c4 c6 4.Nc3 a6 5.e3 Bg4 6.Qb3 b5 7.cxd5 Bxf3 8.gxf3 cxd5
9.a4 b4 10.Qxb4 Nc6 11.Qb3 e5 12.a5 exd4 13.exd4 Bb4 14.Qa4 Qd6 15.Be3 O-O
16.Bg2 Nxa5 17.O-O Nc4 18.Nb5 Qe7 19.Bg5 Nb6  1-0

[Event "Jakarta op"]
[Site "Jakarta"]
[Date "1997.??.??"]
[Round "?"]
[White "Savchenko, Stanislav"]
[Black "Zagrebelny, Sergey"]
[Result "1-0"]
[WhiteElo "2575"]
[BlackElo "2480"]

1.Nf3 d5 2.d4 Nf6 3.c4 c6 4.Nc3 a6 5.a4 e6 6.Bg5 Nbd7 7.cxd5 cxd5 8.e3 Be7
9.Bd3 O-O 10.O-O h6 11.Bh4 Ne8 12.Bxe7 Qxe7 13.a5 Nef6 14.Na4 Rd8 15.Qb3 e5
16.Be2 e4 17.Nd2 Rb8 18.Rfc1 Nf8 19.Nb6 Bg4 20.Nxd5 Rxd5 21.Bxg4 Rb5 22.Qd1 Rxb2
23.Nc4 Rb4 24.Nb6 Rd8 25.Be2 Nd5 26.Nxd5 Rxd5 27.Qd2 Rd7 28.Qc3 Nh7 29.Qa3 Rd5
30.Rc8+ Nf8 31.Rac1 Qd6 32.Bf1 g6 33.g3 Kg7 34.R8c5 Rxc5 35.Qxb4 Rc6 36.Rb1 Qxb4
37.Rxb4 Rc7 38.Bc4 Rd7 39.g4 Nh7 40.Kg2 Nf6 41.Kg3 g5 42.Bb3 Rc7 43.h3 h5
44.Rb6 hxg4 45.hxg4 Nd7 46.Rb4 Nf6 47.Rc4 Rxc4 48.Bxc4 Kf8 49.f4 exf3 50.Kxf3 Ke7
51.e4 Nd7 52.e5 f6 53.e6 Nf8 54.d5 Ng6 55.Ke4 Nh4 56.Bb3 Kd6 57.Ba4 Ke7 58.Bd7 Kd6
59.Bc8 Ng6 60.Bxb7 Ne7 61.Bxa6 Nxd5 62.Bc4 Ne7 63.a6 Kc6 64.Kd4 Kb6 65.Bd3 Nc8
66.Kd5 Kc7 67.Kc5  1-0

[Event "Jyvaskyla We JyS"]
[Site "Jyvaskyla"]
[Date "1997.??.??"]
[Round "5"]
[White "Laine, Heikki"]
[Black "Karttunen, Mika"]
[Result "1-0"]
[WhiteElo "2230"]
[BlackElo "2205"]

1.d4 d5 2.c4 c6 3.Nf3 Nf6 4.Nc3 a6 5.e3 b5 6.cxd5 cxd5 7.Be2 e6 8.O-O Nbd7
9.Bd2 Bd6 10.a3 O-O 11.Na2 Bb7 12.Bb4 Qb6 13.Qb3 Rfc8 14.Rfc1 Rxc1+ 15.Rxc1 Rc8
16.Rxc8+ Bxc8 17.Qc2 Bb7 18.Bxd6 Qxd6 19.Nb4 g6 20.h3 Kg7 21.Nd2 Qb6 22.Nb3 Ne4
23.f3 Nd6 24.Nc5 Nf6 25.b3 Kf8 26.g4 h6 27.Nbd3 Ke7 28.Ne5 Bc8 29.Bd3 g5
30.Bf1 Bb7 31.Qh2 Ba8 32.h4 Nb7 33.hxg5 hxg5 34.Qh8 Nxc5 35.dxc5 Qc7 36.Nd3 Bb7
37.Kf2 e5 38.Qh2 Ke6 39.b4 Nd7 40.Qh7 f6 41.Bg2 d4 42.exd4 exd4 43.f4 Bxg2
44.Kxg2 gxf4 45.Qf5+ Ke7 46.Nxf4 Qc6+ 47.Nd5+ Kd8 48.Kf2 a5 49.g5 Ne5 50.Nxf6  1-0

[Event "Kastel Stari op"]
[Site "Kastel Stari"]
[Date "1997.??.??"]
[Round "4"]
[White "Hulak, Krunoslav"]
[Black "Macek, Vlasta"]
[Result "1/2-1/2"]
[WhiteElo "2525"]
[BlackElo "2230"]

1.d4 d5 2.c4 c6 3.Nf3 Nf6 4.Nc3 a6 5.c5 Bf5 6.Qb3 Qc8 7.h3 Nbd7 8.Bf4 g6
9.e3 Bg7 10.Be2 O-O 11.O-O Re8 12.Na4 Ne4 13.Rac1 f6 14.Rfd1 e5 15.Bh2 Be6
16.Qc2 Bf7 17.b4 Qd8 18.Bf1 Qe7 19.Nc3 Nxc3 20.Qxc3 g5 21.dxe5 fxe5 22.e4 d4
23.Qd2 h6 24.Bc4 Nf8 25.Qe2 Ng6 26.Nd2 Bf8 27.Qh5 Kg7 28.Bxf7 Qxf7 29.Nc4 Rad8
30.Rd3 Qe6 31.a3 Rd7 32.Qe2 Red8 33.Qc2 Rf7 34.Nd2 Rdd7 35.Qc4 Qxc4 36.Nxc4 Kf6
37.Kf1 Ke6 38.Ke2 Nf4+ 39.Bxf4 Rxf4 40.Nd2 Rdf7 41.Rf1 Be7 42.g3 R4f6 43.Rf3 Rxf3
44.Nxf3 Bd8 45.Ne1 Bc7 46.Nd3 Rf8 47.Rb1 h5 48.a4 Kd7 49.Rb3 Rf6 50.Ne1 g4
51.hxg4 hxg4 52.f3 gxf3+ 53.Rxf3 Rxf3 54.Kxf3 a5 55.bxa5 Bxa5 56.Nd3 Ke6
57.Kg4 Bd2 58.Kh5 Kf6 59.Kh4 Bg5+ 60.Kg4 Bd2 61.Nb2 Bb4 62.Nd3 Bd2 63.Kf3 Ba5
64.g4 Bd2 65.Nb2 Bb4 66.Nc4 Bxc5 67.Na5 b6 68.Nxc6 d3 69.g5+ Kxg5 70.Nxe5 d2
71.Ke2 Kf4  1/2-1/2

[Event "Cassovia op"]
[Site "Kosice"]
[Date "1997.??.??"]
[Round "?"]
[White "Lembak, Jurij"]
[Black "Dovzik, Juri"]
[Result "1/2-1/2"]
[WhiteElo "2260"]
[BlackElo "2405"]

1.d4 d5 2.Nf3 Nf6 3.c4 c6 4.Nc3 a6 5.cxd5 cxd5 6.Bf4 Nc6 7.e3 Bg4 8.h3 Bxf3
9.Qxf3 e6 10.Bd3 Bd6 11.O-O O-O 12.Bg5 Be7 13.Rfd1 Rc8 14.Rac1 Qd7 15.Bb1 b5
16.a3 Rfd8 17.Qe2 g6 18.Qf3 Ne8 19.Bh6 Bf6 20.Ne2 Na5 21.Rxc8 Rxc8 22.Nf4 Nc4
23.Nd3 Qe7 24.Qe2 Ned6 25.Bf4 Bg7 26.Ba2 Bf8 27.Rc1 Qa7 28.Rc2 Qa8 29.Qd1 a5
30.Ne5 Nxe5 31.Bxe5 Nc4 32.Bf4 a4 33.Qe2 Qb7 34.f3 Bg7 35.Kh1 Qd7 36.Bg3 Rc6
37.Be1 Qc8 38.Rc1 Nd6 39.Rxc6 Qxc6 40.Bc3 h5 41.Bb1 Nc4 42.Qe1 Qc7 43.Bd3 Kh7
44.g4 hxg4 45.hxg4 e5 46.Bxc4 bxc4  1/2-1/2

[Event "RUS-Cup6"]
[Site "Krasnodar"]
[Date "1997.??.??"]
[Round "4"]
[White "Averkin, Orest N"]
[Black "Stepovaia Dianchenko, Tatiana"]
[Result "1-0"]
[WhiteElo "2425"]
[BlackElo "2350"]

1.d4 d5 2.c4 c6 3.Nf3 Nf6 4.Nc3 a6 5.a4 e6 6.Bg5 Bb4 7.e3 Nbd7 8.Bd3 Qa5
9.O-O h6 10.Bh4 dxc4 11.Bxc4 Bxc3 12.bxc3 Qxc3 13.Qe2 Qa5 14.e4 Qh5 15.Bg3 O-O
16.a5 Re8 17.Bd6 Nf8 18.h3 c5 19.Bxc5 Bd7 20.Qe3 Bc6 21.Bd3 Ng6 22.Bd6 Red8
23.Bg3 Rac8 24.Rfb1 Ne8 25.Be2 Bb5 26.Rxb5 axb5 27.h4 Nf6 28.Ne5 Nxe5 29.Bxh5 Nc4
30.Qe2 Rxd4 31.Bf3 e5 32.a6 bxa6 33.Rxa6 b4 34.Qa2 Rb8 35.Qb3 Nd2 36.Qb2 Re8
37.Bxe5  1-0

[Event "RUS-Cup6"]
[Site "Krasnodar"]
[Date "1997.??.??"]
[Round "7"]
[White "Averkin, Orest N"]
[Black "Onoprienko, Vladimir"]
[Result "1/2-1/2"]
[WhiteElo "2425"]
[BlackElo "2295"]

1.d4 d5 2.Nf3 Nf6 3.c4 c6 4.Nc3 a6 5.a4 g6 6.e3 Bg7 7.Be2 O-O 8.O-O Bg4 9.Qb3 Ra7
10.a5 Bxf3 11.Bxf3 e6 12.Rd1 Nbd7 13.Bd2 b5 14.axb6 Qxb6 15.Qa2 Rb8 16.Na4 Qd8
17.Rdc1 Ne4 18.Be1 Bf8 19.Rc2 Bb4 20.Bxb4 Rxb4 21.cxd5 cxd5 22.Rac1 Qa5 23.b3 Rb8
24.Be2 Qb4 25.f3 Nef6 26.Rc3 a5 27.Qc2 Kg7 28.Qd3 e5 29.dxe5 Nxe5 30.Qd1 Re7
31.Nc5 Rbe8 32.Bf1 Ned7 33.Na6 Qb7 34.Qd4 Rd8 35.Ra1 Ne5 36.Rac1 Ned7 37.Nc7 Nf8
38.g4 Qb4 39.g5 Qxd4 40.exd4 Ne8 41.Nxe8+ Rdxe8 42.Ra1 Re3 43.Rxe3 Rxe3 44.Kf2  1/2-1/2

[Event "IBM op"]
[Site "La Reunion"]
[Date "1997.??.??"]
[Round "7"]
[White "Legky, Nikolay A"]
[Black "Prie, Eric"]
[Result "1/2-1/2"]
[WhiteElo "2530"]
[BlackElo "2470"]

1.d4 d5 2.c4 c6 3.Nf3 Nf6 4.Nc3 a6 5.h3 e6 6.cxd5 exd5 7.Qc2 Bd6 8.Bg5 Nbd7
9.e3 h6 10.Bf4 Bxf4 11.exf4 O-O 12.O-O-O Re8 13.Bd3 c5 14.Rhe1 Rxe1 15.Rxe1 b5
16.dxc5 Nxc5 17.Nd4 Bd7 18.Kb1 Rc8 19.Qd2 b4  1/2-1/2